| 000 | 00941nam a22003137a 4500 | ||
|---|---|---|---|
| 003 | CHAP | ||
| 005 | 20220329134716.0 | ||
| 008 | 971013s1975 br a r 00010 por d | ||
| 010 | _a24568 | ||
| 011 | _a25540 | ||
| 035 | _a29640 | ||
| 040 | _cCHAP | ||
| 082 |
_a633.73 _bI54 1975 |
||
| 110 |
_aInstituto Brasileiro do Café _959078 |
||
| 245 | 1 | _aCafeicultor | |
| 260 |
_a(s.l.) : _bInstituto Brasileiro do Café, _c1975 |
||
| 300 |
_apág. varía. _b: ilus |
||
| 490 | _aSerie metódica | ||
| 590 |
_aBATCH-UPD _b10 _c20130110 _lUCH01 _h1059 |
||
| 590 |
_aBATCH-UPD _b10 _c20130410 _lUCH01 _h0653 |
||
| 590 |
_aBATCH-UPD _b10 _c20130914 _lUCH01 _h0806 |
||
| 590 |
_aCONVERSION _b10 _c20130109 _lUCH01 _h1314 |
||
| 650 | 1 | 4 |
_aCafé. _917085 |
| 650 | 1 | 4 |
_aVirus cafetaleros. _9119942 |
| 830 | 0 |
_aSerie metódica _9104969 |
|
| 901 | _aBK | ||
| 942 | _cLIBRO | ||
| 949 |
_a633.73 I54 1975 _bBC _cLIBRO _d33724000605242 _eLIBRO _h47360 _i29640 _mD _si |
||
| 999 |
_c24568 _d24568 |
||